000 00804cam a22002651a 4500
999 _c8779
_d8779
001 9857041
003 GBCCL
005 20241126110658.0
008 840515s1963 paua 000 0 eng
010 _a 64004213
035 _a(OCoLC)10735628
040 _aDLC
_cIElgJ
_dDLC
042 _apremarc
050 0 0 _aBV1522
_b.H4
082 _a248.3
_bHER
100 1 _aHerzel, Catherine.
_97125
245 1 0 _aHelping children worship /
_cCatherine Herzel; Philip R. Hoh, editor.
260 _aPhiladelphia :
_bLutheran Church Press,
_cc1963.
300 _a142 p. :
_bill. ;
_c21 cm.
490 0 _aLCA leadership education series.
650 0 _aWorship (Religious education)
_95994
700 1 _aHoh, Philip R.,
_eed.
_915441
906 _a7
_bcbc
_coclcrpl
_du
_encip
_f19
_gy-gencatlg
942 _2ddc
_cBK
_01